ბათუმის შოთა რუსთაველის სახელმწიფო უნივერსიტეტის ბიბლიოთეკა

შუა საუკუნეების ქართული ფილოსოფია : (ბიბ.ჩანაწერი № 58655)

000 -ლიდერი
ფიქსირებული სიგრძის საკონტროლო ველი 02254nam a22002657a 4500
003 - საკონტროლო ნომრის იდენტიფიკატორი
საკონტროლო ველი Ge_BSU
005 - ბოლო ოპერაციის თარიღი და დრო
საკონტროლო ველი 20220623125119.0
008 - ფიქსირებული სიგრძის მონაცემთა ელემენტები - ზოგადი ინფორმაცია
ფიქსირებული სიგრძის საკონტროლო ველი 220623s2019 ge ||||| |||| 00| 0 geo d
020 ## - წიგნის საერთაშორისო სტანდარტული ნომერი
International Standard Book Number 9789941816338
041 ## - ენის კოდი
Language code of text/sound track or separate title geo
080 ## - უნივერსალური ათობითი კლასიფიკაციის ინდექსი
Universal Decimal Classification number 1(479.22)(09) ი-76
100 ## - მთავარი ჩანაწერი - პიროვნების სახელი
Personal name ირემაძე, თენგიზ
9 (RLIN) 2229
245 ## - ცნობა სათაურის შესახებ
Title შუა საუკუნეების ქართული ფილოსოფია :
Remainder of title სისტემური მონახაზი მისი სპეციფიკის გასაგებად = Medieval Georgian Philosophy : A systematic outline to understand its specifics /
Statement of responsibility, etc თენგიზ ირემაძე ; რედაქტორები: ლალი ზაქარაძე, გიორგი ხუროშვილი ; დაკაბადონება და ყდის დიზაინი გიორგი ბაგრატიონი ; ახალი საქართველოს უნივერსიტეტი, კავკასიური ფილოსოფიისა და თეოლოგიის სამეცნიერო-კვლევითი არქივი.
250 ## - გამოცემის ცნობა
Edition statement პირველი გამოცემა.
264 ## - წარმოების, გამოცემის, დისტრიბუციის და სხვა ცნობები
გამოცემის, წარმოების, დისტრიბუციის... ადგილი თბილისი,
გამოცემის, წარმოების, დისტრიბუციის... თარიღი 2019.
გამოცემის, წარმოების, დისტრიბუციის... სახელწოდება შპს "ფავორიტი სტილი"
300 ## - ფიზიკური აღწერა
Extent 142 გვ. ;
Other physical details 19 სმ.
501 ## - შენიშვნა თანმხლებ მასალაზე
With note საძიებლები: გვ. 130-137.
520 ## - SUMMARY, ETC.
Summary, etc რეზიუმე ინგლისურ ენაზე.
653 ## - INDEX TERM--UNCONTROLLED
Uncontrolled term ქართული ფილოსოფიის ისტორია.
700 ## - ADDED ENTRY--PERSONAL NAME
Personal name ზაქარაძე, ლალი
Relator term რედაქტორი
9 (RLIN) 14202
700 ## - ADDED ENTRY--PERSONAL NAME
Personal name ხუროშვილი, გიორგი
Relator term რედაქტორი
9 (RLIN) 5941
700 ## - ADDED ENTRY--PERSONAL NAME
Personal name ბაგრატიონი, გიორგი
Relator term ყდის დიზაინერი
9 (RLIN) 14203
710 ## - ADDED ENTRY--CORPORATE NAME
Corporate name or jurisdiction name as entry element ახალი საქართველოს უნივერსიტეტი
Subordinate unit კავკასიური ფილოსოფიისა და თეოლოგიის სამეცნიერო-კვლევითი არქივი
9 (RLIN) 14205
942 ## - ADDED ENTRY ELEMENTS (KOHA)
Source of classification or shelving scheme
Koha item type წიგნი
ეგზემპლარები
ჩამოწერის სტატუსი დაკარგული ეგზემპლარის სტატუსი კლასიფიკაციის წყარო ან თაროზე გაწყობის სქემა დაზიანების სტატუსი არ გაიცემა მუდმივი მდებარეობა (დაცვის ადგილი) ამჟამინდელი ადგილსამყოფელი თაროზე განთავსების ადგილი შეძენის თარიღი ღირებულება, შესყიდვის ნორმალური ფასი სრული შენახვის შიფრი შტრიხკოდი ბოლო ოპერაციის თარიღი ეგზემპლარის მიმდევრობითი ნომერი (კეტერი?) ფასის ძალაში შესვლის თარიღი ეგზემპლარის სახეობა საჯარო შენიშვნა
          ბათუმის შოთა რუსთაველის სახელმწიფო უნივერსიტეტის მთავარი ბიბლიოთეკა ბათუმის შოთა რუსთაველის სახელმწიფო უნივერსიტეტის მთავარი ბიბლიოთეკა წიგნსაცავი 2022-06-23 24.00 1(479.22)(09) ი-76 62818 2022-06-23 62818 2022-06-23 წიგნი 24 ლ.
          ბათუმის შოთა რუსთაველის სახელმწიფო უნივერსიტეტის მთავარი ბიბლიოთეკა ბათუმის შოთა რუსთაველის სახელმწიფო უნივერსიტეტის მთავარი ბიბლიოთეკა წიგნსაცავი 2022-06-23 24.00 1(479.22)(09) ი-76 62819 2022-06-23 62819 2022-06-23 წიგნი 24 ლ.
          ბათუმის შოთა რუსთაველის სახელმწიფო უნივერსიტეტის მთავარი ბიბლიოთეკა ბათუმის შოთა რუსთაველის სახელმწიფო უნივერსიტეტის მთავარი ბიბლიოთეკა წიგნსაცავი 2022-06-23 24.00 1(479.22)(09) ი-76 62820 2022-06-23 62820 2022-06-23 წიგნი 24 ლ.
          ბათუმის შოთა რუსთაველის სახელმწიფო უნივერსიტეტის მთავარი ბიბლიოთეკა ბათუმის შოთა რუსთაველის სახელმწიფო უნივერსიტეტის მთავარი ბიბლიოთეკა წიგნსაცავი 2022-06-23 24.00 1(479.22)(09) ი-76 62821 2022-06-23 62821 2022-06-23 წიგნი 24 ლ.